Environmental Analysis /

Saved in:
Bibliographic Details
Main Author: Reeve, Roger N (Author)
Format: Book
Language:English
Published: Chichester : John Wiley & Sons, 1996
Series:Analytical Chemistry by Open Learning
Tags: Add Tag
No Tags, Be the first to tag this record!

MARC

LEADER 00000nam a22000003a 4500
001 stu17139
005 20190206124526.5
008 970717s1996----uk------------------eng-d
020 |a 0-471-93833-5 
040 |a STU  |b slo 
041 0 |a eng 
044 |a uk 
080 |a 543.3  |7 stu_us_auth*stu7287 
100 1 |a Reeve, Roger N  |4 aut 
245 1 |a Environmental Analysis /  |c [aut.]Reeve,RogerN 
260 |a Chichester :  |b John Wiley & Sons,  |c 1996 
300 |a 263 s :  |b Tab.,grafy,index 
830 0 |a Analytical Chemistry by Open Learning 
996 |b C94920  |c C*94920  |l CCXXVI  |s P  |a 0  |w stu17139_0001